| 000 | 00669nam a22001937a 4500 | ||
|---|---|---|---|
| 008 | 160503b xxu||||| |||| 00| 0 eng d | ||
| 020 | _a9780470400241 | ||
| 082 |
_22009 _aDC 658.4038011 _bP32 |
||
| 100 |
_97316 _aPearlson, Keri E. |
||
| 245 |
_aStrategic management of information systems/ _cKeri E. Pearlson |
||
| 250 | _aFourth Edition | ||
| 260 |
_aNew Jersey: _bJohn Wiley & Sons, _cc2009. |
||
| 300 |
_axii, 400 pages: _billustrations; _c23 cm. |
||
| 500 | _aIncludes glossary and index. | ||
| 650 | 0 |
_97312 _aManagement information systems |
|
| 650 | 0 |
_97313 _aInformation technology _xManagement |
|
| 700 |
_97325 _aSaunders, Carol S. _eAuthor |
||
| 942 |
_2ddc _cDC |
||
| 999 |
_c2236 _d2236 |
||